Statistics for Football clubs: guess the country II

Click here to take the quiz!

General Stats

  • This quiz has been taken 22 times
  • The average score is 9 of 20

Answer Stats

Football teamCountry% Correct
Bayer LeverkusenGermany
95%
Al ShababSaudi Arabia
81%
TrabzonsporTurkey
71%
SHB Đà NẵngVietnam
71%
Ludogorets 1945Bulgaria
62%
Finn HarpsIreland
62%
Cluj-NapocaRomania
62%
HonvedHungary
52%
Anzhi MakhachkalaRussia
52%
Akademija PandevNorth Macedonia
48%
Thunder Bay ChillCanada
38%
April 25 Sports ClubNorth Korea
33%
Sporting PizarroPeru
33%
Once Deportivo de AhuachapanEl Salvador
24%
Lotohaʻapai UnitedTonga
19%
Carib HurricaneGrenada
14%
TatungTaiwan
14%
Qizilqum ZarafshonUzbekistan
14%
Abububu LabourersGhana
10%
TextáfricaMozambique
10%

Score Distribution

Percentile by Number Answered

Percent of People with Each Score

Your Score History

You have not taken this quiz